[Event "Ceske Budejovice op-A"]
[Site "Ceske Budejovice"]
[Date "2025.07.05"]
[Round "8"]
[White "Sokolovsky, Jakub"]
[Black "Smola, David"]
[Result "1-0"]
[WhiteElo "2053"]
[BlackElo "1972"]
[PlyCount "143"]
[EventDate "2025.06.28"]
[EventType "swiss"]
[EventRounds "9"]
[EventCountry "CZE"]
[SourceTitle "CB28_2025"]
[SourceDate "2025.07.09"]
[SourceVersion "1"]
[SourceVersionDate "2025.07.09"]
[SourceQuality "1"]

1. e4 e5 2. Nf3 Nc6 3. Bb5 Nf6 4. 0-0 d6 5. d4 exd4 6. Nxd4 Bd7 7. Nxc6 Bxc6 8. Bxc6+ bxc6 9. c4 Be7 10. Nc3 0-0 11. Bf4 Qb8 12. Qf3 Nd7 13. b3 Bf6 14. Rac1 Re8 15. Rfe1 Nc5 16. Re2 a5 17. Rce1 Ne6 18. Re3 Qb4 19. Nd5 cxd5 20. exd5 Rf8 21. dxe6 fxe6 22. Qe4 e5 23. Rh3 g6 24. Qd5+ Kh8 25. Bd2 Qb6 26. Ree3 Qd4 27. Rxh7+ Kxh7 28. Rh3+ Bh4 29. Qxd4 exd4 30. Rxh4+ Kg8 31. Rxd4 Rf5 32. h4 Re8 33. Kf1 Kg7 34. Rd3 Re4 35. g3 a4 36. Be3 axb3 37. axb3 Ra5 38. Ke2 Ra2+ 39. Kf3 Re8 40. c5 Rd8 41. Ke4 Kf7 42. cxd6 cxd6 43. Kd5 Rb8 44. Kc4 Rc2+ 45. Kd5 Rb2 46. Rc3 Rb7 47. Kxd6 R2xb3 48. Rc4 Rd3+ 49. Ke5 Rb5+ 50. Ke4 Rd7 51. Rc6 Rb4+ 52. Kf3 Kg7 53. Bf4 Ra4 54. Be5+ Kh6 55. Kg2 Ra8 56. Kh3 Ra5 57. f4 Re7 58. Bc3 Rf5 59. Rc8 Rh7 60. Kg2 Rd5 61. Kf3 Rd3+ 62. Kg4 Rf7 63. Be5 Re3 64. Rc6 Kh7 65. Re6 Ra3 66. Re8 Kh6 67. Kh3 Rd3 68. Rg8 Ra3 69. Kg4 Re3 70. Rh8+ Rh7 71. Re8 Rb3 72. Re6 1-0

[Event "CZE-chT1W 2425"]
[Site "Czech Republic"]
[Date "2025.04.06"]
[Round "11.7"]
[White "Sokolovsky, Jakub"]
[Black "Vybiral, Zdenek"]
[Result "1/2-1/2"]
[WhiteElo "2038"]
[BlackElo "2165"]
[PlyCount "127"]
[EventDate "2024.10.20"]
[EventType "team-tourn"]
[EventRounds "11"]
[EventCountry "CZE"]
[SourceTitle "CB16_2025"]
[SourceDate "2025.04.16"]
[SourceVersion "1"]
[SourceVersionDate "2025.04.16"]
[SourceQuality "1"]
[WhiteTeam "Litomerice Slavoj"]
[BlackTeam "Pisek"]
[WhiteTeamCountry "CZE"]
[BlackTeamCountry "CZE"]

1. e4 c5 2. Nf3 d6 3. d4 cxd4 4. Nxd4 Nf6 5. Nc3 e5 6. Bb5+ Nbd7 7. Nf5 a6 8. Bxd7+ Qxd7 9. Bg5 Nxe4 10. Nxg7+ Bxg7 11. Nxe4 0-0 12. Nf6+ Bxf6 13. Bxf6 Qf5 14. Qf3 Qg6 15. Qg3 Bg4 16. f3 Qxf6 17. Qxg4+ Qg6 18. Qxg6+ hxg6 19. 0-0-0 Rfd8 20. Rd5 Kf8 21. a4 b6 22. Rhd1 Ke7 23. c4 Rac8 24. b3 Rc5 25. Rxc5 bxc5 26. a5 Ke6 27. Kc2 Rh8 28. h3 f5 29. Kc3 g5 30. Rb1 e4 31. fxe4 fxe4 32. b4 cxb4+ 33. Rxb4 Ke5 34. Rb6 Ra8 35. Kd2 Rc8 36. Rxa6 Rxc4 37. g3 Rd4+ 38. Ke2 Rd3 39. Kf2 Rd2+ 40. Kg1 e3 41. Ra8 Ke4 42. a6 Kf3 43. a7 e2 44. Rf8+ Kxg3 45. Rf3+ Kh4 46. Re3 Ra2 47. Rxe2 Rxa7 48. Rd2 Rd7 49. Rd5 g4 50. hxg4 Kxg4 51. Kf2 Kf4 52. Ke2 Ke4 53. Rh5 Kd4 54. Kd2 d5 55. Rh4+ Kc5 56. Kd3 Rg7 57. Rf4 Rg3+ 58. Ke2 Rh3 59. Rg4 d4 60. Rg8 Rh2+ 61. Kd3 Rh3+ 62. Kd2 Rh2+ 63. Kd3 Rh3+ 64. Kd2 1/2-1/2

[Event "CZE-chT1W 2425"]
[Site "Czech Republic"]
[Date "2025.03.23"]
[Round "10.8"]
[White "Sokolovsky, Jakub"]
[Black "Urban, Tomas"]
[Result "1-0"]
[WhiteElo "2038"]
[BlackElo "1897"]
[PlyCount "59"]
[EventDate "2024.10.20"]
[EventType "team-tourn"]
[EventRounds "11"]
[EventCountry "CZE"]
[SourceTitle "CB16_2025"]
[SourceDate "2025.04.16"]
[SourceVersion "1"]
[SourceVersionDate "2025.04.16"]
[SourceQuality "1"]
[WhiteTeam "Litomerice Slavoj"]
[BlackTeam "Kolesovice Cesky Lev"]
[WhiteTeamCountry "CZE"]
[BlackTeamCountry "CZE"]

1. e4 d5 2. exd5 Qxd5 3. Nc3 Qa5 4. d4 c6 5. Nf3 Bf5 6. Bc4 e6 7. Bd2 Nf6 8. Nd5 Qd8 9. Nxf6+ gxf6 10. 0-0 Rg8 11. Re1 Be7 12. Bf1 Bg4 13. Be3 Qd5 14. Kh1 Bxf3 15. Qxf3 Qxf3 16. gxf3 Nd7 17. c4 f5 18. d5 Bf6 19. f4 c5 20. Bg2 Bh4 21. dxe6 fxe6 22. Bxb7 Rb8 23. Bc6 Ke7 24. Rad1 Nf6 25. Bxc5+ Kf7 26. b4 Ng4 27. Re2 Rbd8 28. Red2 Bxf2 29. Rxd8 Rg6 30. Rf8+ 1-0

[Event "CZE-chT1W 2425"]
[Site "Czech Republic"]
[Date "2025.02.16"]
[Round "8.8"]
[White "Sokolovsky, Jakub"]
[Black "Svatos, Jan"]
[Result "1/2-1/2"]
[WhiteElo "2038"]
[BlackElo "2154"]
[PlyCount "65"]
[EventDate "2024.10.20"]
[EventType "team-tourn"]
[EventRounds "11"]
[EventCountry "CZE"]
[SourceTitle "CB16_2025"]
[SourceDate "2025.04.16"]
[SourceVersion "1"]
[SourceVersionDate "2025.04.16"]
[SourceQuality "1"]
[WhiteTeam "Litomerice Slavoj"]
[BlackTeam "Vysehrad"]
[WhiteTeamCountry "CZE"]
[BlackTeamCountry "CZE"]

1. e4 c5 2. Nf3 d6 3. d4 cxd4 4. Nxd4 a6 5. c4 Nf6 6. Nc3 e5 7. Nc2 Be6 8. Be2 Be7 9. 0-0 0-0 10. Bg5 Nbd7 11. Bxf6 Nxf6 12. Ne3 Rc8 13. Qd3 Nd7 14. Rad1 b5 15. cxb5 axb5 16. Nxb5 Bxa2 17. Nxd6 Nc5 18. Qa3 Bxd6 19. Qxa2 Qf6 20. Qb1 Nb3 21. Nf5 Bc5 22. Bc4 Nd4 23. Nxd4 Bxd4 24. Bd5 Qb6 25. b3 Rc3 26. Qa2 Rfc8 27. Bc4 g6 28. Qe2 Kg7 29. Ra1 Rc7 30. Ra6 Qb7 31. Rfa1 Rxb3 32. Bxb3 Bxa1 33. Rxa1 1/2-1/2

[Event "SVK-chT1W 2425"]
[Site "Slovakia"]
[Date "2024.12.07"]
[Round "3.7"]
[White "Sokolovsky, Jakub"]
[Black "Kuna, Patrik"]
[Result "1-0"]
[WhiteElo "2061"]
[BlackElo "2012"]
[PlyCount "69"]
[EventDate "2024.11.16"]
[EventType "team-tourn"]
[EventRounds "11"]
[EventCountry "SVK"]
[SourceTitle "CB14_2025"]
[SourceDate "2024.11.01"]
[SourceVersion "1"]
[SourceVersionDate "2024.11.01"]
[SourceQuality "1"]
[WhiteTeam "Bratislava Doprastav"]
[BlackTeam "Nitra NSK"]
[WhiteTeamCountry "SVK"]
[BlackTeamCountry "SVK"]

1. e4 c5 2. Nf3 Nc6 3. d4 cxd4 4. Nxd4 g6 5. Be3 Bg7 6. Nc3 Nf6 7. Bc4 0-0 8. Bb3 d6 9. f3 Bd7 10. Qd2 a5 11. a4 Rc8 12. 0-0-0 Ne5 13. h4 h5 14. Kb1 Nc4 15. Bxc4 Rxc4 16. b3 Rc8 17. g4 Kh7 18. Nd5 e6 19. Nxf6+ Qxf6 20. gxh5 gxh5 21. Qxa5 Rc5 22. Qb6 Rc3 23. Bg5 Qe5 24. Be7 Rc6 25. Qxb7 Rfc8 26. Qxd7 Qc5 27. e5 Qxe5 28. Rhg1 Rc3 29. Qxd6 Qe3 30. Rxg7+ Kxg7 31. Qg3+ Kh7 32. Bg5 Rxb3+ 33. Nxb3 Qc3 34. Qf2 Rc4 35. Qd2 1-0

[Event "Bratislava exe op 2nd"]
[Site "Bratislava"]
[Date "2024.09.15"]
[Round "2"]
[White "Sokolovsky, Jakub"]
[Black "Stopa, Jacek"]
[Result "0-1"]
[WhiteElo "2053"]
[BlackElo "2317"]
[PlyCount "66"]
[EventDate "2024.09.14"]
[EventType "swiss"]
[EventRounds "9"]
[EventCountry "SVK"]
[SourceTitle "EXT 2025"]
[Source "ChessBase"]
[SourceDate "2024.10.14"]
[SourceVersion "1"]
[SourceVersionDate "2024.10.14"]
[SourceQuality "1"]

1. e4 c5 2. Nf3 d6 3. d4 cxd4 4. Nxd4 Nf6 5. Nc3 g6 6. Be3 Bg7 7. f3 0-0 8. Qd2 Nc6 9. 0-0-0 d5 10. exd5 Nxd5 11. Nxc6 bxc6 12. Bd4 e5 13. Bc5 Be6 14. Ne4 Re8 15. h4 h5 16. Bc4 Nf4 17. Bxe6 Qxd2+ 18. Rxd2 Nxe6 19. Be3 f5 20. Ng5 f4 21. Nxe6 Rxe6 22. Bf2 e4 23. fxe4 Rxe4 24. Rd6 Re2 25. Rf1 Kh7 26. Rxc6 Rd8 27. Rc7 Kh8 28. c3 Rdd2 29. Bd4 Rc2+ 30. Kd1 Red2+ 31. Ke1 Rxd4 32. Rxg7 Rc1+ 33. Ke2 Re4+ 0-1

[Event "Piestany Slovakia op-A"]
[Site "Piestany"]
[Date "2024.07.14"]
[Round "6"]
[White "Brnusak, Tomas"]
[Black "Sokolovsky, Jakub"]
[Result "1-0"]
[WhiteElo "2191"]
[BlackElo "2032"]
[PlyCount "83"]
[EventDate "2024.07.09"]
[EventType "swiss"]
[EventRounds "9"]
[EventCountry "SVK"]
[SourceTitle "EXT 2025"]
[Source "ChessBase"]
[SourceDate "2024.10.14"]
[SourceVersion "1"]
[SourceVersionDate "2024.10.14"]
[SourceQuality "1"]

1. e4 c5 2. Nc3 d6 3. d4 cxd4 4. Qxd4 Nc6 5. Qd2 Nf6 6. b3 e6 7. Bb2 d5 8. exd5 exd5 9. 0-0-0 Be6 10. Nf3 Qa5 11. Qf4 0-0-0 12. Kb1 Bd6 13. Qh4 Be7 14. Nd4 Rhe8 15. Nxc6 bxc6 16. Qa4 Qxa4 17. Nxa4 Ng4 18. Bd4 Bf6 19. Bxa7 Kb7 20. Bb6 Ra8 21. Bc5 d4 22. Rd2 Red8 23. h3 Nh6 24. Bd3 Nf5 25. Rhd1 Nd6 26. Nb2 Ra5 27. Na4 Rd7 28. Bb4 Rxa4 29. bxa4 Bd5 30. f3 Ka8 31. Ka1 Nb7 32. Ba3 c5 33. Bb2 Nd6 34. Bf1 Ra7 35. c3 Rxa4 36. cxd4 Bxa2 37. dxc5 Bb3+ 38. Kb1 Bxb2 39. Kxb2 Bxd1 40. cxd6 Rb4+ 41. Kc3 Rb3+ 42. Kc4 1-0

[Event "Piestany Slovakia op-A"]
[Site "Piestany"]
[Date "2024.07.13"]
[Round "5"]
[White "Sokolovsky, Jakub"]
[Black "Suliborski, Jakub"]
[Result "0-1"]
[WhiteElo "2032"]
[BlackElo "2247"]
[PlyCount "66"]
[EventDate "2024.07.09"]
[EventType "swiss"]
[EventRounds "9"]
[EventCountry "SVK"]
[SourceTitle "EXT 2025"]
[Source "ChessBase"]
[SourceDate "2024.10.14"]
[SourceVersion "1"]
[SourceVersionDate "2024.10.14"]
[SourceQuality "1"]

1. e4 c5 2. Nf3 d6 3. d4 cxd4 4. Nxd4 Nf6 5. Nc3 a6 6. Be3 e5 7. Nb3 Be6 8. f3 Be7 9. Qd2 h5 10. 0-0-0 Nbd7 11. Kb1 b5 12. Nd5 Bxd5 13. exd5 Nb6 14. Bxb6 Qxb6 15. Na5 Rc8 16. Nc6 Qc5 17. c3 Rh6 18. Nxe7 Kxe7 19. g3 Rhh8 20. Bg2 Rhe8 21. Rhe1 Kf8 22. f4 exf4 23. gxf4 Qc4 24. Bf3 Qa4 25. Rg1 b4 26. cxb4 Rc4 27. Qg2 g6 28. f5 Rec8 29. b3 Qxb4 30. Qb2 Rc3 31. Rde1 Qf4 32. Rgf1 Qxf5+ 33. Ka1 Rxf3 0-1

[Event "Piestany Slovakia op-A"]
[Site "Piestany"]
[Date "2024.07.10"]
[Round "2"]
[White "Buckels, Valentin"]
[Black "Sokolovsky, Jakub"]
[Result "1/2-1/2"]
[WhiteElo "2478"]
[BlackElo "2032"]
[PlyCount "93"]
[EventDate "2024.07.09"]
[EventType "swiss"]
[EventRounds "9"]
[EventCountry "SVK"]
[SourceTitle "EXT 2025"]
[Source "ChessBase"]
[SourceDate "2024.10.14"]
[SourceVersion "1"]
[SourceVersionDate "2024.10.14"]
[SourceQuality "1"]

1. c4 Nf6 2. Nc3 g6 3. Nf3 Bg7 4. g3 c5 5. Bg2 Nc6 6. 0-0 0-0 7. d4 cxd4 8. Nxd4 Qb6 9. Nb3 d6 10. Bg5 Be6 11. Nd5 Bxd5 12. cxd5 Ne5 13. Be3 Qa6 14. Bd4 Nfd7 15. Bh3 Rfd8 16. Rc1 Nf6 17. Bg2 Rac8 18. Bc3 Rc7 19. Bxe5 Rxc1 20. Qxc1 dxe5 21. Qc7 Qb6 22. Qxb6 axb6 23. e4 Rc8 24. Rc1 Rxc1+ 25. Nxc1 Ne8 26. Nd3 f5 27. f4 exf4 28. e5 fxg3 29. hxg3 Kf7 30. Kf2 Nc7 31. Ke3 Ke8 32. a4 Kd7 33. Bf3 Na6 34. b4 h5 35. Kd4 Bh6 36. Bd1 Bd2 37. b5 Nc5 38. e6+ Kd6 39. Nb2 Bg5 40. Nc4+ Kc7 41. a5 Bf6+ 42. Ke3 bxa5 43. b6+ Kc8 44. Nxa5 Ne4 45. Kf4 Bg5+ 46. Kf3 Nd2+ 47. Ke2 1/2-1/2

[Event "Ceske Budejovice op"]
[Site "Ceske Budejovice"]
[Date "2024.07.01"]
[Round "3"]
[White "Sokolovsky, Jakub"]
[Black "Bartos, Jan"]
[Result "1/2-1/2"]
[WhiteElo "2052"]
[BlackElo "2140"]
[PlyCount "50"]
[EventDate "2024.06.29"]
[EventType "swiss"]
[EventRounds "9"]
[EventCountry "CZE"]
[SourceTitle "CBM 221 Extra"]
[Source "ChessBase"]
[SourceDate "2024.09.30"]
[SourceVersion "1"]
[SourceVersionDate "2024.09.30"]
[SourceQuality "1"]

1. e4 e6 2. d4 d5 3. Nd2 c5 4. Ngf3 cxd4 5. exd5 Qxd5 6. Bc4 Qd7 7. Nb3 a6 8. Nbxd4 Nc6 9. 0-0 Nxd4 10. Nxd4 Qc7 11. Qe2 Bd6 12. Nf5 Bxh2+ 13. Kh1 Be5 14. Re1 g6 15. Qxe5 Qxe5 16. Rxe5 gxf5 17. Bd2 Nf6 18. Bb4 Rg8 19. f3 Bd7 20. Rae1 Rg5 21. Bd3 Nh5 22. Bd2 Rg7 23. Bxf5 f6 24. Rd5 Ng3+ 25. Kh2 Nxf5 1/2-1/2

[Event "Prague Golden op 19th"]
[Site "Prague"]
[Date "2024.06.26"]
[Round "5"]
[White "Sokolovsky, Jakub"]
[Black "Kuhn, Ulf"]
[Result "1/2-1/2"]
[WhiteElo "2052"]
[BlackElo "2064"]
[PlyCount "39"]
[EventDate "2024.06.22"]
[EventType "swiss"]
[EventRounds "7"]
[EventCountry "CZE"]
[SourceTitle "EXT 2025"]
[Source "ChessBase"]
[SourceDate "2024.10.14"]
[SourceVersion "1"]
[SourceVersionDate "2024.10.14"]
[SourceQuality "1"]

1. e4 c5 2. Nf3 e6 3. d4 cxd4 4. Nxd4 Nc6 5. Nc3 Qc7 6. Be3 a6 7. Qd2 Nf6 8. 0-0-0 b5 9. f3 Bb7 10. g4 Rc8 11. g5 Nh5 12. Ndxb5 axb5 13. Nxb5 Qd8 14. Bb6 Bb4 15. Bxd8 Bxd2+ 16. Rxd2 Kxd8 17. Nd6 Kc7 18. Nxc8 Rxc8 19. Bb5 Ne5 20. Rf1 1/2-1/2

[Event "SVK-ch U2300"]
[Site "Liptovsky Jan"]
[Date "2024.06.16"]
[Round "4"]
[White "Sokolovsky, Jakub"]
[Black "Banoci, Jaroslav"]
[Result "1/2-1/2"]
[WhiteElo "2052"]
[BlackElo "1890"]
[PlyCount "90"]
[EventDate "2024.06.15"]
[EventType "swiss"]
[EventRounds "8"]
[EventCountry "SVK"]
[SourceTitle "CBM 220 Extra"]
[Source "ChessBase"]
[SourceDate "2024.07.31"]
[SourceVersion "1"]
[SourceVersionDate "2024.07.31"]
[SourceQuality "1"]

1. e4 d6 2. d4 Nf6 3. Nc3 g6 4. Be3 c6 5. Qd2 b5 6. a3 Nbd7 7. Nf3 a6 8. Be2 Bg7 9. Bh6 0-0 10. e5 Ng4 11. Bxg7 Kxg7 12. Qf4 Nb6 13. h3 Nh6 14. h4 f6 15. h5 fxe5 16. Qd2 Rh8 17. dxe5 Nc4 18. Bxc4 bxc4 19. exd6 exd6 20. 0-0-0 d5 21. hxg6 hxg6 22. Ne5 Qf6 23. Qd4 Bb7 24. Rde1 Rae8 25. f4 Rhf8 26. Rxh6 Rxe5 27. fxe5 Qg5+ 28. Kb1 Qxh6 29. e6+ Kg8 30. e7 Re8 31. Qb6 Qh4 32. Qe3 Bc8 33. Na4 Bf5 34. Nc5 Kf7 35. Nxa6 d4 36. Qe5 d3 37. cxd3 cxd3 38. Rd1 Rxe7 39. Qc3 Qe4 40. Nc5 Qxg2 41. Qb3+ Kg7 42. Qc3+ Kh7 43. Nxd3 Rd7 44. Rd2 Bxd3+ 45. Rxd3 Qf1+ 1/2-1/2

[Event "SVK-chT2A 2324"]
[Site "Slovakia"]
[Date "2023.10.07"]
[Round "1.3"]
[White "Sokolovsky, Jakub"]
[Black "Cechovic, Stefan"]
[Result "1/2-1/2"]
[WhiteElo "1959"]
[BlackElo "2062"]
[PlyCount "43"]
[EventDate "2023.10.07"]
[EventType "team-tourn"]
[EventRounds "11"]
[EventCountry "SVK"]
[SourceTitle "EXT 2025"]
[Source "ChessBase"]
[SourceDate "2024.10.14"]
[SourceVersion "1"]
[SourceVersionDate "2024.10.14"]
[SourceQuality "1"]
[WhiteTeam "Bratislava Doprastav III"]
[BlackTeam "Cifer"]
[WhiteTeamCountry "SVK"]
[BlackTeamCountry "SVK"]

1. e4 c5 2. Nf3 Nc6 3. d4 cxd4 4. Nxd4 g6 5. Be3 Bg7 6. Nc3 Nf6 7. Bc4 0-0 8. Bb3 d6 9. f3 Bd7 10. Qd2 a6 11. 0-0-0 b5 12. h4 h5 13. g4 Ne5 14. Nd5 hxg4 15. Nxf6+ Bxf6 16. h5 Nc4 17. Bxc4 bxc4 18. Bh6 c3 19. Qxc3 Qb6 20. hxg6 Rfc8 21. gxf7+ Kxf7 22. Qb3+ 1/2-1/2

[Event "Skalica op-A"]
[Site "Skalica"]
[Date "2023.08.20"]
[Round "2"]
[White "Sokolovsky, Jakub"]
[Black "Akshit, Kumar J"]
[Result "1/2-1/2"]
[WhiteElo "1908"]
[BlackElo "2169"]
[PlyCount "96"]
[EventDate "2023.08.19"]
[EventType "swiss"]
[EventRounds "9"]
[EventCountry "SVK"]
[SourceTitle "CBM 215 Extra"]
[Source "ChessBase"]
[SourceDate "2023.09.30"]
[SourceVersion "1"]
[SourceVersionDate "2023.09.30"]
[SourceQuality "1"]

1. e4 e5 2. Nf3 Nf6 3. Nxe5 d6 4. Nf3 Nxe4 5. d4 d5 6. Bd3 Be7 7. 0-0 Nc6 8. Re1 Bg4 9. c3 f5 10. Nbd2 0-0 11. Qb3 Na5 12. Qa4 Nc6 13. Qb3 b6 14. Nxe4 Na5 15. Nf6+ Bxf6 16. Qd1 Qd7 17. Bf4 c5 18. Be2 Nc6 19. Ne5 Bxe5 20. Bxe5 Bxe2 21. Qxe2 c4 22. Qf3 b5 23. a3 a5 24. Qg3 Rfe8 25. h4 Re6 26. f3 Rae8 27. Kf1 b4 28. axb4 axb4 29. Bd6 Rxe1+ 30. Rxe1 Rxe1+ 31. Kxe1 Qa7 32. Bxb4 Nxb4 33. cxb4 Qa1+ 34. Ke2 Qxb2+ 35. Kf1 Qc1+ 36. Ke2 Qc2+ 37. Ke1 Qc3+ 38. Ke2 Qd3+ 39. Ke1 Qe3+ 40. Kf1 Qd3+ 41. Ke1 Qxd4 42. Qb8+ Kf7 43. Qc7+ Kg6 44. Qg3+ Kf7 45. Qc7+ Ke6 46. Qc6+ Ke5 47. Qc7+ Kf6 48. Qd6+ Kf7 1/2-1/2

[Event "Piestany Slovakia op-B"]
[Site "Piestany"]
[Date "2023.07.16"]
[Round "6"]
[White "Sokolovsky, Jakub"]
[Black "Cocquyt, Tijs"]
[Result "1-0"]
[WhiteElo "1852"]
[BlackElo "2053"]
[PlyCount "83"]
[EventDate "2023.07.11"]
[EventType "swiss"]
[EventRounds "9"]
[EventCountry "SVK"]
[SourceTitle "EXT 2024"]
[Source "ChessBase"]
[SourceDate "2023.10.10"]
[SourceVersion "1"]
[SourceVersionDate "2023.10.10"]
[SourceQuality "1"]

1. e4 e6 2. d4 d5 3. Nd2 Be7 4. c3 c5 5. Ngf3 Nf6 6. e5 Nfd7 7. Bd3 b6 8. Qe2 a5 9. Nf1 Ba6 10. Bxa6 Nxa6 11. Ng3 0-0 12. 0-0 Nc7 13. Nh5 b5 14. h3 c4 15. Nh2 f5 16. exf6 Nxf6 17. Nxf6+ gxf6 18. Bh6 Rf7 19. Ng4 Kh8 20. Rae1 Bd6 21. Qf3 Qe7 22. Bf4 Bxf4 23. Qxf4 Rd8 24. Re3 Qd6 25. Ne5 Kg8 26. Rg3+ Rg7 27. Qxf6 Ne8 28. Qf7+ Kh8 29. Qxg7+ Nxg7 30. Nf7+ Kg8 31. Nxd6 Rxd6 32. b3 Kf7 33. bxc4 dxc4 34. Rb1 Rb6 35. Rg5 Nf5 36. g4 Nd6 37. a3 Ke7 38. f3 Rb8 39. Rg7+ Nf7 40. Rxh7 b4 41. axb4 axb4 42. cxb4 1-0